[Event "e2e4 Diamond Jubilee Premier"]
[Site "London ENG"]
[Date "2012.06.06"]
[Round "8.38"]
[White "Grattage, Matthew"]
[Black "Kalaiyalahan, Akshaya"]
[Result "1-0"]
[WhiteElo "2002"]
[BlackElo "1646"]
[WhiteFideId "423750"]
[BlackFideId "422894"]
[EventDate "2012.06.02"]

1. c4 g6 2. Nc3 Bg7 3. Nf3 e5 4. d4 exd4 5. Nxd4 Ne7 6. e4 Nbc6 7. Be3 O-O 8.
Rb1 d6 9. Nd5 Nxd5 10. cxd5 Nxd4 11. Bxd4 Re8 12. f3 Bd7 13. Bxg7 Kxg7 14. Qd4+
Qf6 15. Qxf6+ Kxf6 16. Rc1 Rac8 17. Kf2 c6 18. dxc6 bxc6 19. Bc4 Be6 20. Rhd1 d5
21. exd5 cxd5 22. Bb3 Rxc1 23. Rxc1 Re7 24. Rc6 Ke5 25. Ra6 d4 26. Ra5+ Kf6 27.
Bxe6 fxe6 28. Ke2 e5 29. Kd3 Kf5 30. g3 g5 31. Ra6 Rf7 32. Rh6 g4 33. Rh5+ Ke6
34. fxg4 Kd5 35. Rf5 Rb7 36. b3 Rc7 37. g5 Rc3+ 38. Kd2 Rc7 39. h4 Ke6 40. g4 e4
41. h5 Rg7 42. Ra5 Kd6 43. b4 Re7 44. g6 hxg6 45. h6 e3+ 46. Ke1 Rc7 47. Rc5 Re7
48. g5 a5 49. Rxa5 Rc7 50. Rc5 Ra7 51. a4 Rxa4 52. h7 d3 53. h8=Q Ra1+ 54. Qxa1 1-0

[Event "e2e4 Diamond Jubilee Premier"]
[Site "London ENG"]
[Date "2012.06.06"]
[Round "8.39"]
[White "Tarhon, Brian"]
[Black "Jensen, Soren2"]
[Result "1/2-1/2"]
[WhiteElo "1769"]
[BlackElo "1876"]
[WhiteFideId "423190"]
[BlackFideId "1409999"]
[EventDate "2012.06.02"]

1. e4 c6 2. d4 d5 3. Nc3 dxe4 4. Nxe4 Bf5 5. Ng3 Bg6 6. h4 h6 7. h5 Bh7 8. Nf3
Nd7 9. Bd3 Bxd3 10. Qxd3 e6 11. Bd2 Qc7 12. O-O-O O-O-O 13. Ne4 Ngf6 14. Nxf6
Nxf6 15. Qe2 c5 16. Bc3 cxd4 17. Bxd4 Bc5 18. Rh4 Bxd4 19. Rdxd4 Kb8 20. Rc4 Qa5
21. a3 Rd5 22. Ra4 Qc5 23. Rhc4 Qb5 24. Rab4 Qa5 25. Ra4 Qb5 26. Rab4 Qa5 1/2-1/2

[Event "e2e4 Diamond Jubilee Premier"]
[Site "London ENG"]
[Date "2012.06.06"]
[Round "8.40"]
[White "Gupta, Arul"]
[Black "Collins, Andrew"]
[Result "0-1"]
[WhiteElo "1697"]
[BlackElo "1685"]
[WhiteFideId "422622"]
[BlackFideId "425907"]
[EventDate "2012.06.02"]

1. e4 e5 2. Nf3 Nc6 3. Bc4 Bc5 4. d3 Nf6 5. Nc3 d6 6. h3 h6 7. Be3 Bb6 8. O-O
O-O 9. d4 exd4 10. Nxd4 Nxe4 11. Nxc6 bxc6 12. Nxe4 d5 13. Ng3 dxc4 14. Qf3 Qd5
15. Qe2 Be6 16. Nh5 Bxe3 17. fxe3 Qc5 18. Nf4 Bd5 19. Kh2 Rae8 20. Rae1 Re4 21.
Rf3 Rfe8 22. Qf2 Qd6 23. Kh1 R8e7 24. Nh5 R4e5 25. Rf5 Rxf5 26. Qxf5 Re5 27.
Qc8+ Kh7 28. Nf4 Qb4 29. Re2 Qxb2 30. Qxc7 Qc1+ 31. Kh2 Rxe3 32. Rxe3 Qxe3 33.
Nxd5 cxd5 34. Qxf7 Qe4 35. c3 Qd3 36. Qd7 d4 37. cxd4 c3 38. d5 c2 39. Qc8 Qe4
40. Kg3 Qe3+ 41. Kg4 c1=Q 42. Qf5+ Kg8 0-1

[Event "e2e4 Diamond Jubilee Premier"]
[Site "London ENG"]
[Date "2012.06.06"]
[Round "8.41"]
[White "Shepherd, Katherine M"]
[Black "Kuhendiran, Tharshan"]
[Result "1-0"]
[WhiteElo "1763"]
[BlackElo "1778"]
[WhiteFideId "412031"]
[BlackFideId "423777"]
[EventDate "2012.06.02"]

1. d4 d5 2. Nf3 Nf6 3. Bf4 Bf5 4. e3 e6 5. Bd3 Bg4 6. Nbd2 Be7 7. O-O Nbd7 8. c3
O-O 9. Qb3 Rb8 10. h3 Bh5 11. Rac1 Bxf3 12. Nxf3 b5 13. Rfe1 a6 14. Ne5 Nxe5 15.
Bxe5 Bd6 16. Bxd6 Qxd6 17. Qb4 Qxb4 18. cxb4 Rfc8 19. Rc6 Rb6 20. Rec1 Rcb8 21.
Rxc7 g6 22. f3 Kg7 23. Kf2 Rd6 24. R1c6 Rb6 25. Rxb6 Rxb6 26. g4 h6 27. Ke2 Ne8
28. Rc3 Nd6 29. b3 Ne8 30. Kd2 Nd6 31. Rc5 Nb7 32. Rc7 Nd6 33. Kc3 Ne8 34. Rc5
Nd6 35. a4 Nb7 36. Rc7 Nd6 37. e4 bxa4 38. bxa4 Ne8 39. Rc5 Rd6 40. e5 Rb6 41.
a5 Rb7 42. Bxa6 Ra7 43. Bd3 Nc7 44. Kb3 Na6 45. Bxa6 Rxa6 46. Ka4 Ra8 47. b5 g5
48. b6 Kg6 49. b7 Rb8 50. a6 Rg8 51. Rc8 Rg7 52. b8=Q f5 53. Rg8 h5 54. Qe8+ Kh6
55. Qxh5# 1-0

[Event "e2e4 Diamond Jubilee Premier"]
[Site "London ENG"]
[Date "2012.06.06"]
[Round "8.42"]
[White "Pattni, Kishan"]
[Black "Neatherway, A Philip"]
[Result "0-1"]
[WhiteElo "1736"]
[BlackElo "1926"]
[WhiteFideId "420751"]
[BlackFideId "418854"]
[EventDate "2012.06.02"]

1. f4 e5 2. e4 exf4 3. Nf3 d5 4. exd5 Nf6 5. Nc3 Nxd5 6. Bc4 Nxc3 7. bxc3 Bd6 8.
O-O O-O 9. d4 Bg4 10. Qd3 Nc6 11. a4 Qf6 12. Bb2 Rfe8 13. Bd5 Re3 14. Qd2 Rae8
15. Rf2 Bxf3 16. Bxf3 Na5 17. Bd5 c6 18. Ba2 Qh4 19. Raf1 g5 20. g3 Qg4 21. Qd1
Re2 22. Rxe2 Rxe2 23. Rf2 f3 24. Qf1 Bxg3 25. Rxe2 Bf4+ 26. Rg2 Be3+ 27. Kh1
fxg2+ 0-1

[Event "e2e4 Diamond Jubilee Premier"]
[Site "London ENG"]
[Date "2012.06.06"]
[Round "8.43"]
[White "Orishko, Ostap"]
[Black "Bryant, Richard B E"]
[Result "1-0"]
[WhiteElo "1914"]
[BlackElo "1960"]
[WhiteFideId "14136856"]
[BlackFideId "407267"]
[EventDate "2012.06.02"]

1. d4 e6 2. c4 f5 3. Nf3 Nf6 4. g3 Be7 5. Bg2 O-O 6. O-O d6 7. b3 Qe8 8. Bb2 Ne4
9. Nbd2 Nxd2 10. Nxd2 Bf6 11. Rc1 c5 12. Nf3 Nc6 13. Re1 Qg6 14. Qd2 Nb4 15. a3
Na6 16. Rcd1 Rd8 17. b4 cxd4 18. Nxd4 Nc7 19. e4 fxe4 20. Bxe4 Qf7 21. Qc2 g6
22. Ne2 d5 23. cxd5 Nxd5 24. Rd3 Bxb2 25. Qxb2 Bd7 26. Qe5 Bb5 27. Rf3 Qe7 28.
Nd4 Bc6 29. b5 Be8 30. Nxe6 Bxb5 31. Bxd5 Rxd5 32. Qxd5 Bc6 33. Qb3 1-0

[Event "e2e4 Diamond Jubilee Premier"]
[Site "London ENG"]
[Date "2012.06.06"]
[Round "8.44"]
[White "Rough, Robert E"]
[Black "Flanagan, Samuel"]
[Result "1/2-1/2"]
[WhiteElo "1738"]
[BlackElo "1824"]
[WhiteFideId "2403030"]
[BlackFideId "2501716"]
[EventDate "2012.06.02"]

1. e4 c5 2. Nf3 d6 3. d4 cxd4 4. Nxd4 Nf6 5. Nc3 a6 6. Bd3 e5 7. Nb3 Be7 8. Bg5
Nbd7 9. O-O h6 10. Be3 O-O 11. f3 b5 12. a3 Bb7 13. Qd2 Re8 14. Qf2 Kh8 15. Rad1
Qc7 16. Rd2 Nh7 17. h4 Nc5 18. Be2 Nf6 19. Nxc5 dxc5 20. Rfd1 c4 21. g3 Bc6 22.
Nd5 Bxd5 23. exd5 Bd6 24. Bf1 e4 25. Bb6 Bxg3 26. Bxc7 1/2-1/2

[Event "e2e4 Diamond Jubilee Premier"]
[Site "London ENG"]
[Date "2012.06.06"]
[Round "8.46"]
[White "Dyrhaug, Sverre S"]
[Black "Bullock, Lee"]
[Result "0-1"]
[WhiteElo "1579"]
[BlackElo "1467"]
[WhiteFideId "1515829"]
[BlackFideId "425397"]
[EventDate "2012.06.02"]

1. e4 c5 2. Nf3 d6 3. d4 cxd4 4. Nxd4 Nf6 5. Nc3 a6 6. Be2 e5 7. Nb3 Be7 8. Be3
Be6 9. Qd3 O-O 10. O-O Nbd7 11. Rfd1 b5 12. Bg5 h6 13. Bh4 Rc8 14. Bxf6 Nxf6 15.
Nd2 Qd7 16. a4 b4 17. Ncb1 Rc6 18. c3 d5 19. exd5 Nxd5 20. Bf3 Rd6 21. Nc4 Nf4
22. Qxd6 Bxd6 23. Nxd6 Bb3 24. Ne4 Bxd1 0-1

[Event "e2e4 Diamond Jubilee Premier"]
[Site "London ENG"]
[Date "2012.06.06"]
[Round "9.1"]
[White "Vovk, Andrey"]
[Black "Sumets, Andrey"]
[Result "1/2-1/2"]
[WhiteTitle "GM"]
[BlackTitle "GM"]
[WhiteElo "2549"]
[BlackElo "2599"]
[WhiteFideId "14114470"]
[BlackFideId "14105500"]
[EventDate "2012.06.02"]

1. e4 e6 2. d4 d5 3. exd5 exd5 4. Bd3 Bd6 5. Nf3 Nf6 6. Qe2+ Qe7 7. Qxe7+ Kxe7
8. O-O Re8 9. Re1+ Kf8 10. Rxe8+ Kxe8 11. h3 h6 12. Be3 Nc6 13. c3 Ne7 14. Nbd2
Bf5 15. Bxf5 Nxf5 1/2-1/2

[Event "e2e4 Diamond Jubilee Premier"]
[Site "London ENG"]
[Date "2012.06.06"]
[Round "9.2"]
[White "Vovk, Yuri"]
[Black "Brown, Martin"]
[Result "1-0"]
[WhiteTitle "GM"]
[WhiteElo "2562"]
[BlackElo "2183"]
[WhiteFideId "14113171"]
[BlackFideId "401480"]
[EventDate "2012.06.02"]

1. d4 Nf6 2. c4 g6 3. Nc3 d5 4. Bg5 Ne4 5. Bh4 Nxc3 6. bxc3 dxc4 7. e3 Be6 8.
Nf3 Bg7 9. Be2 h6 10. O-O O-O 11. Qb1 b6 12. Nd2 Bd5 13. Rd1 Qd7 14. e4 Bb7 15.
Nxc4 Ba6 16. Qb3 Bxc4 17. Qxc4 e6 18. Bg3 Rd8 19. f4 Nc6 20. Bf3 Na5 21. Qe2
Rac8 22. Bh4 Re8 23. e5 Qa4 24. Be4 c5 25. d5 exd5 26. Rxd5 g5 27. Bg3 Qc4 28.
Qf3 g4 29. Qd3 Qxd3 30. Rxd3 f6 31. e6 c4 32. Rd7 f5 33. Bxf5 Bxc3 34. Rc1 Bb2
35. Rc2 Bg7 36. Bg6 c3 37. f5 Nc4 38. Bh4 Ne5 39. Bxe8 Rxe8 40. f6 Nxd7 41. f7+ 1-0

[Event "e2e4 Diamond Jubilee Premier"]
[Site "London ENG"]
[Date "2012.06.06"]
[Round "9.3"]
[White "Sipila, Vilka"]
[Black "Hebden, Mark L"]
[Result "1-0"]
[WhiteTitle "FM"]
[BlackTitle "GM"]
[WhiteElo "2393"]
[BlackElo "2512"]
[WhiteFideId "505455"]
[BlackFideId "400084"]
[EventDate "2012.06.02"]

1. d4 Nf6 2. c4 g6 3. Nc3 Bg7 4. e4 d6 5. Nf3 O-O 6. Be2 e5 7. O-O Nc6 8. dxe5
dxe5 9. Bg5 Qxd1 10. Rfxd1 Bg4 11. Rac1 h6 12. Be3 Rfd8 13. b4 Nxb4 14. Rb1 a5
15. a3 Nc2 16. Rxd8+ Rxd8 17. Rxb7 Nxe3 18. fxe3 Bf8 19. a4 c6 20. Nxe5 Bxe2 21.
Nxe2 Rd1+ 22. Kf2 Nxe4+ 23. Kf3 Nc5 24. Ra7 Bd6 25. Nxc6 Rf1+ 26. Kg4 Ne4 27.
Ncd4 f5+ 28. Kh4 Rh1 29. h3 Rf1 30. Ne6 Be5 31. Ra8+ Kf7 32. Nd8+ Kg7 33. Ne6+
Kf6 34. N6f4 g5+ 35. Kh5 gxf4 36. Ra6+ Kf7 37. Ra7+ Ke6 38. Ra6+ Kd7 39. Nxf4
Ng3+ 40. Kh4 Bxf4 41. exf4 Ne2 42. g3 Rf3 43. Rxa5 Nxg3 44. Re5 Ne4 45. Rxf5 Nf2
46. Kh5 Rxh3+ 47. Kg6 Nd3 48. a5 Kc6 49. Rf7 Rh4 50. a6 Nxf4+ 51. Kh7 Nd5 52.
cxd5+ Kc5 53. Rf8 Kb6 54. Rf6+ Kc5 55. d6 Kc6 56. Rf8 Ra4 57. d7 1-0

[Event "e2e4 Diamond Jubilee Premier"]
[Site "London ENG"]
[Date "2012.06.06"]
[Round "9.4"]
[White "Collins, Sam E."]
[Black "Williams, Simon K"]
[Result "1/2-1/2"]
[WhiteTitle "IM"]
[BlackTitle "GM"]
[WhiteElo "2428"]
[BlackElo "2513"]
[WhiteFideId "2501198"]
[BlackFideId "404454"]
[EventDate "2012.06.02"]

1. e4 e6 2. d4 d5 3. Nc3 Bb4 4. Ne2 Nc6 5. a3 Ba5 6. b4 Bb6 7. Bb2 Nh6 8. g3 Qf6
9. Qd3 Ng4 10. Nd1 dxe4 11. Qxe4 e5 12. h3 Bf5 13. Qg2 exd4 14. hxg4 Bxg4 15.
Qe4+ Kf8 16. Rxh7 Rxh7 17. Qxh7 Ne5 18. Ne3 Nf3+ 19. Kd1 Qg5 20. Qh8+ Ke7 21.
Qxa8 dxe3 22. Qxb7 Nd2 23. Bd4 Bf3 24. Bc5+ Kf6 25. Qc8 Qd5 26. Kc1 Bxc5 27.
bxc5 Nxf1 28. Nc3 Qd4 29. Qa6+ c6 30. Kb2 Nd2 31. fxe3 Nc4+ 32. Kb3 Qxe3 33. Rd1
Bxd1 34. Qxc6+ Kg5 35. Kxc4 Bxc2 36. Qd5+ f5 37. c6 Qb6 38. Qd2+ Kg4 39. Qxc2
Qxc6+ 40. Kb3 Qe6+ 41. Kb2 Kxg3 42. Qd3+ Kh2 43. Qd2+ Kh3 44. Qd3+ Kg2 45. Qd2+
Kh3 46. Qd3+ Kg2 47. Nd5 Qe5+ 48. Ka2 Qe4 49. Qd2+ Kf3 50. Nc3 Qe6+ 51. Ka1 f4
52. Qd3+ Kg4 53. Ne4 Qe5+ 54. Ka2 f3 55. Nf2+ Kg3 56. Ne4+ Kf4 57. Nd2 Qe2 58.
Qd4+ Kg3 59. Qxg7+ Kf2 60. Qb2 Kg2 61. Nxf3 Qxb2+ 62. Kxb2 Kxf3 63. Kc3 1/2-1/2

[Event "e2e4 Diamond Jubilee Premier"]
[Site "London ENG"]
[Date "2012.06.06"]
[Round "9.5"]
[White "Rudd, Jack"]
[Black "Astaneh Lopez, Alex"]
[Result "1/2-1/2"]
[WhiteTitle "IM"]
[BlackTitle "IM"]
[WhiteElo "2305"]
[BlackElo "2402"]
[WhiteFideId "405736"]
[BlackFideId "2501430"]
[EventDate "2012.06.02"]

1. e4 c5 2. Nf3 e6 3. d4 cxd4 4. Nxd4 a6 5. Bd3 Bc5 6. Nb3 Be7 7. O-O d6 8. c4
Nd7 9. Nc3 Ngf6 10. f4 b6 11. Be3 Bb7 12. Qf3 Qc7 13. Rae1 h5 14. Kh1 Ng4 15.
Bg1 g5 16. f5 Nge5 17. Qe2 h4 18. Nd4 Rh6 19. fxe6 fxe6 20. b3 O-O-O 21. Nf3 h3
22. Nxe5 hxg2+ 23. Qxg2 Nxe5 24. Be2 Rdh8 25. Na4 Bd8 26. Bg4 Nxg4 27. Qxg4 d5
28. Qg2 dxe4 29. Re3 g4 30. c5 g3 31. cxb6 Qe5 32. Rc1+ Kb8 33. Nc5 Qf4 34. Qxg3
Qxg3 35. Rxg3 Bd5 36. Kg2 R6h7 37. Nxa6+ Kb7 38. Nc5+ Kb8 39. Na6+ 1/2-1/2

[Event "e2e4 Diamond Jubilee Premier"]
[Site "London ENG"]
[Date "2012.06.06"]
[Round "9.6"]
[White "Eggleston, David J"]
[Black "Zhou, Yang-Fan"]
[Result "1-0"]
[WhiteTitle "FM"]
[BlackTitle "IM"]
[WhiteElo "2327"]
[BlackElo "2438"]
[WhiteFideId "412120"]
[BlackFideId "468584"]
[EventDate "2012.06.02"]

1. e4 c5 2. Nf3 d6 3. d4 cxd4 4. Nxd4 Nf6 5. Nc3 g6 6. Be3 a6 7. f3 b5 8. Qd2
Bb7 9. a4 e5 10. Nb3 b4 11. Na2 d5 12. Bg5 Nbd7 13. exd5 Qb6 14. Bc4 Rc8 15. Qe2
Be7 16. Be3 Qc7 17. Bxa6 Bxa6 18. Qxa6 Nxd5 19. Bd2 O-O 20. Qd3 N7f6 21. Rc1 Bc5
22. Nxc5 Qxc5 23. Qb5 Qa7 24. Nxb4 Nxb4 25. Qxb4 e4 26. c4 exf3 27. gxf3 Qd4 28.
Kd1 Qf2 29. Qc3 Rfd8 30. Re1 Rxc4 31. Re2 Qg1+ 32. Re1 Qxh2 33. Qa5 Rcd4 34. Rc2
R8d5 35. Qc3 Rxa4 36. b3 Rad4 37. Kc1 Qd6 38. Bh6 Qa3+ 39. Kb1 Rd1+ 40. Rc1 R1d3
41. Qxd3 1-0

[Event "e2e4 Diamond Jubilee Premier"]
[Site "London ENG"]
[Date "2012.06.06"]
[Round "9.8"]
[White "Cobb, James"]
[Black "Martinsen, Stig K"]
[Result "1-0"]
[WhiteTitle "IM"]
[WhiteElo "2411"]
[BlackElo "2169"]
[WhiteFideId "1800949"]
[BlackFideId "1502824"]
[EventDate "2012.06.02"]

1. Nf3 d6 2. d4 g6 3. c4 f5 4. Nc3 Nf6 5. g3 Bg7 6. Bg2 O-O 7. O-O Na6 8. Rb1 c6
9. d5 Bd7 10. Nd4 Qe8 11. b3 Nc7 12. Bb2 c5 13. Nf3 b5 14. cxb5 Nxb5 15. Nxb5
Bxb5 16. Ng5 Bd7 17. Qc2 Rb8 18. Rbe1 h6 19. Ne6 Bxe6 20. dxe6 Ng4 21. Bxg7 Kxg7
22. f4 Rf6 23. e4 fxe4 24. h3 Rxe6 25. hxg4 d5 26. Qxc5 Qd7 27. Qd4+ Kg8 28.
Bxe4 1-0

[Event "e2e4 Diamond Jubilee Premier"]
[Site "London ENG"]
[Date "2012.06.06"]
[Round "9.9"]
[White "Byron, Alan M"]
[Black "Sowray, Peter J"]
[Result "1/2-1/2"]
[BlackTitle "FM"]
[WhiteElo "2179"]
[BlackElo "2376"]
[WhiteFideId "401773"]
[BlackFideId "400971"]
[EventDate "2012.06.02"]

1. c4 b6 2. Nc3 Bb7 3. e4 e6 4. d4 Bb4 5. Bd3 f5 6. Qe2 Nf6 7. Bg5 fxe4 8. Bxe4
Bxe4 9. Bxf6 Qxf6 10. Qxe4 O-O 11. Nf3 Bxc3+ 12. bxc3 Nc6 13. O-O Qf5 14. Qe2
Qh5 15. Rab1 Rf5 16. Rb5 Raf8 17. Rxf5 Rxf5 18. Re1 h6 19. Rb1 Ne7 20. Qe4 Ng6
21. g4 Rg5 22. h3 Nf8 23. Nxg5 Qxg5 24. f4 Qa5 25. Qc2 Qa6 26. Rb4 c5 27. Ra4
Qb7 28. Qg2 Qc7 29. Qe4 Nh7 30. d5 Nf8 31. Ra3 Qb7 32. h4 Qc7 33. Rb3 Kf7 34. h5
Qd8 35. Rb1 Qh4 36. Qf3 Kg8 37. Kg2 Nh7 38. dxe6 dxe6 39. Rh1 Qf6 40. Re1 Nf8
41. Kg3 Qd8 42. Rd1 Qf6 43. Qe3 Qf7 44. Rd8 Qe7 45. Qd3 Qf6 46. Ra8 Qe7 47. Qe4
Qd7 48. Rb8 Qd6 49. Ra8 Qd7 50. Rb8 Qd6 51. Rc8 Qd7 52. Rb8 1/2-1/2

[Event "e2e4 Diamond Jubilee Premier"]
[Site "London ENG"]
[Date "2012.06.06"]
[Round "9.10"]
[White "Buckley, Graeme N"]
[Black "Bhatia, Kanwal K"]
[Result "1/2-1/2"]
[WhiteTitle "IM"]
[BlackTitle "WFM"]
[WhiteElo "2363"]
[BlackElo "2064"]
[WhiteFideId "402265"]
[BlackFideId "407496"]
[EventDate "2012.06.02"]

1. d4 Nf6 2. Nf3 c5 3. d5 e6 4. Nc3 d6 5. e4 e5 6. Be2 Be7 7. O-O O-O 8. a4 Nbd7
9. a5 Re8 10. a6 Nf8 11. axb7 Bxb7 12. Ba6 Qb6 13. Bxb7 Qxb7 14. Nd2 Ng6 15. Nc4
Nd7 16. Na5 Qb6 17. g3 Rf8 18. Qd3 a6 19. Be3 Qd8 20. Nc6 Qc8 21. Na4 Nf6 22. f3
Bd8 23. Kg2 Nh5 24. b3 h6 25. Nxd8 Qxd8 26. Nb2 Qd7 27. Nc4 Rfb8 28. Ra2 Ne7 29.
Rfa1 f5 30. exf5 Nxf5 31. Rxa6 Rxa6 32. Rxa6 Rf8 33. c3 Qb7 34. Ra3 Qf7 35. Qe4
Qg6 36. Qg4 Nxe3+ 37. Nxe3 Qd3 38. Qxh5 Qxe3 39. Kh3 Qxf3 40. Qxf3 Rxf3 41. c4
Kf7 42. Ra7+ Kf8 43. Rd7 Rxb3 44. Rxd6 Rc3 45. Kg4 Ke7 46. Re6+ Kd7 47. Kf5 Rxc4
48. Kxe5 Rc2 49. Rg6 Re2+ 50. Kf5 Rf2+ 51. Ke4 Re2+ 52. Kd3 Rxh2 53. Kc4 Rc2+
54. Kb5 Rc1 55. g4 Rc2 56. Rc6 Rg2 57. Ra6 Rc2 58. Rg6 Rc1 59. Rc6 Rg1 60. Kxc5
Rc1+ 61. Kb6 Rxc6+ 62. dxc6+ Kc8 63. Kc5 g6 64. Kd5 h5 65. gxh5 gxh5 1/2-1/2

[Event "e2e4 Diamond Jubilee Premier"]
[Site "London ENG"]
[Date "2012.06.06"]
[Round "9.11"]
[White "Hegarty, Sarah N"]
[Black "Duport, Nicolas"]
[Result "1-0"]
[WhiteTitle "WFM"]
[WhiteElo "2062"]
[BlackElo "2214"]
[WhiteFideId "2501465"]
[BlackFideId "1314424"]
[EventDate "2012.06.02"]

1. e4 e6 2. d4 d5 3. Nc3 Bb4 4. e5 c5 5. a3 Bxc3+ 6. bxc3 Ne7 7. h4 Qa5 8. Bd2
Nbc6 9. Qg4 Qa4 10. Qxg7 Rg8 11. Qxh7 cxd4 12. Nf3 dxc3 13. Bxc3 Bd7 14. h5
O-O-O 15. Rh4 Rg4 16. Rxg4 Qxg4 17. Qxf7 Qe4+ 18. Kd1 d4 19. Bd2 Qd5 20. h6 Be8
21. Qf6 Bh5 22. h7 Ng6 23. Be2 d3 24. cxd3 Bxf3 25. gxf3 Ncxe5 26. Rc1+ Kb8 27.
Rc3 Rh8 28. Bf4 Qd4 29. Rc4 Qa1+ 30. Kd2 b5 31. Rc5 Qb2+ 32. Ke1 Qa1+ 33. Bd1
Nxf4 34. Qxh8+ Kb7 35. Qc8+ Kb6 36. Qc7+ Ka6 37. Rc6+ Nxc6 38. Qxc6+ Ka5 39.
Qc7+ Ka6 40. Qxf4 Qc3+ 41. Ke2 Qb2+ 42. Kf1 Qa1 43. Qd6+ Ka5 44. Qd8+ 1-0

[Event "e2e4 Diamond Jubilee Premier"]
[Site "London ENG"]
[Date "2012.06.06"]
[Round "9.12"]
[White "Croad, Nicolas"]
[Black "Moss, Guy"]
[Result "1-0"]
[WhiteTitle "FM"]
[WhiteElo "2334"]
[BlackElo "1888"]
[WhiteFideId "4300793"]
[BlackFideId "2804620"]
[EventDate "2012.06.02"]

1. d4 d5 2. c4 c6 3. Nf3 Nf6 4. e3 Bf5 5. Nc3 e6 6. Nh4 Bg6 7. Nxg6 hxg6 8. Bd2
Be7 9. Rc1 Nbd7 10. cxd5 exd5 11. Bd3 O-O 12. g4 c5 13. g5 cxd4 14. exd4 Nh5 15.
Qg4 Nb6 16. b3 a6 17. Ne2 Re8 18. O-O Bd6 19. Ng3 Nxg3 20. hxg3 Qd7 21. Qh4 Re6
22. Kg2 f5 23. gxf6 Rxf6 24. Bg5 Re6 25. Rh1 Kf7 26. Qh7 Ba3 27. Rh6 Bxc1 28.
Bxg6+ Rxg6 29. Qxg6+ Kg8 30. Qh7+ Kf7 31. Rf6+ 1-0

[Event "e2e4 Diamond Jubilee Premier"]
[Site "London ENG"]
[Date "2012.06.06"]
[Round "9.13"]
[White "Rizvi, Nasir"]
[Black "Berry, Neil"]
[Result "0-1"]
[BlackTitle "FM"]
[WhiteElo "2074"]
[BlackElo "2308"]
[WhiteFideId "1800540"]
[BlackFideId "2400650"]
[EventDate "2012.06.02"]

1. c4 e6 2. g3 d5 3. Bg2 Nf6 4. Nf3 dxc4 5. Na3 Bxa3 6. bxa3 b5 7. a4 a6 8. Ba3
Bb7 9. Rb1 Nbd7 10. Qc1 Be4 11. d3 cxd3 12. exd3 Bxd3 13. Nd4 c5 14. Nc2 O-O 15.
Bb2 c4 16. Bxa8 Qxa8 17. Kd2 Ne4+ 18. Ke3 Nc3 19. Re1 Qa7+ 20. Kf3 Qb7+ 21. Ke3
Nxb1 22. Qxb1 Nf6 23. Bxf6 gxf6 24. Qb2 Qe4+ 25. Kd2 Qf5 26. f4 Bxc2 27. Qxc2
Rd8+ 28. Kc1 Qc5 29. axb5 axb5 30. Rd1 Qa3+ 31. Kb1 Rxd1+ 32. Qxd1 c3 33. Qe2 b4
34. g4 b3 35. axb3 Qxb3+ 36. Kc1 Qa3+ 37. Kb1 Qb4+ 38. Kc2 Qb2+ 39. Kd3 Qb5+ 40.
Ke3 Qc5+ 41. Kd3 e5 42. fxe5 Qb5+ 43. Ke3 Qxe2+ 44. Kxe2 fxe5 45. Kd3 Kg7 46.
Kxc3 Kg6 47. Kd3 Kg5 48. Ke4 f6 49. Kf3 Kh4 0-1

[Event "e2e4 Diamond Jubilee Premier"]
[Site "London ENG"]
[Date "2012.06.06"]
[Round "9.14"]
[White "Batchelor, Peter J"]
[Black "White, Michael J R"]
[Result "0-1"]
[BlackTitle "FM"]
[WhiteElo "2050"]
[BlackElo "2272"]
[WhiteFideId "424854"]
[BlackFideId "407380"]
[EventDate "2012.06.02"]

1. Nf3 Nf6 2. d4 c5 3. c4 cxd4 4. Nxd4 e5 5. Nf3 Nc6 6. g3 e4 7. Nd4 Bc5 8. Nxc6
Qb6 9. e3 dxc6 10. Bg2 Be6 11. b3 Bb4+ 12. Kf1 O-O 13. Qc2 Rad8 14. a3 Bg4 15.
Bd2 Bxd2 16. Nxd2 Rd7 17. Nxe4 Rfd8 18. Nxf6+ gxf6 19. Be4 Rd2 20. Qc3 f5 21.
Bc2 c5 22. h3 Qh6 23. h4 Qh5 24. Rc1 Bh3+ 25. Kg1 Qe2 0-1

[Event "e2e4 Diamond Jubilee Premier"]
[Site "London ENG"]
[Date "2012.06.06"]
[Round "9.15"]
[White "Foo, William J"]
[Black "Tozer, Philip A A"]
[Result "1-0"]
[WhiteElo "1959"]
[BlackElo "2199"]
[WhiteFideId "419753"]
[BlackFideId "419982"]
[EventDate "2012.06.02"]

1. f4 e6 2. b3 d5 3. e3 Nf6 4. Nf3 Be7 5. Bb2 c5 6. Ne5 O-O 7. Be2 Nc6 8. Nxc6
bxc6 9. O-O Nd7 10. d3 f6 11. e4 c4 12. exd5 cxd3 13. Bxd3 cxd5 14. Nc3 Nc5 15.
Rf3 Nxd3 16. Qxd3 Qb6+ 17. Kh1 Ba6 18. Qd2 Bb7 19. Rd3 Bb4 20. a3 Bxc3 21. Bxc3
Rad8 22. Ba5 Qc6 23. Bxd8 Rxd8 24. Qc3 Qd6 25. Qb4 Qd7 26. Qd4 Ba6 27. Rg3 Qe7
28. Re1 Bc8 29. a4 Kh8 30. Rc3 Qf7 31. Qc5 1-0

[Event "e2e4 Diamond Jubilee Premier"]
[Site "London ENG"]
[Date "2012.06.06"]
[Round "9.16"]
[White "Walton, Alan J"]
[Black "O'Donnell, Conor"]
[Result "1/2-1/2"]
[WhiteTitle "CM"]
[WhiteElo "2179"]
[BlackElo "1860"]
[WhiteFideId "409898"]
[BlackFideId "2504243"]
[EventDate "2012.06.02"]

1. d4 Nf6 2. Bg5 c5 3. d5 Ne4 4. Bc1 e5 5. g3 f5 6. Bg2 Nf6 7. c4 d6 8. Nc3 Be7
9. Qc2 O-O 10. e4 fxe4 11. Nxe4 Bf5 12. Ne2 b5 13. b3 Nbd7 14. O-O Bxe4 15. Bxe4
Nxe4 16. Qxe4 bxc4 17. bxc4 Rb8 18. f4 Bf6 19. f5 Bg5 20. Nc3 Bxc1 21. Raxc1 Rb2
22. Rc2 Rxc2 23. Qxc2 Nf6 24. Ne4 1/2-1/2